| 000 | 00798nam a2200217 a 4500 | ||
|---|---|---|---|
| 008 | 120126s2007 ||||||||||||||||| || u | ||
| 020 | _a0070635811 | ||
| 050 | _aHG 173 Sau | ||
| 100 | _aSaunders, Anthony | ||
| 245 | 1 | 0 | _aFinancial markets and institutions: an introduction to the risk management approach. (3rd ed.) |
| 250 | _a3rd ed. | ||
| 260 |
_aNew Delhi: _bTata McGraw-Hill _c2007 |
||
| 300 | _axxiii, 721p.: ill. | ||
| 350 | _a0.00 | ||
| 650 | _aFINANCIAL INSTITUTIONS | ||
| 650 | 0 | _aFINANCE--DEVELOPING COUNTRIES | |
| 650 | 0 | _aRISK MANAGEMENT | |
| 650 | _aCAPITAL MARKET | ||
| 700 | _aCornett, Marcia Milion | ||
| 995 |
_D0.00 _FCBU-MAIN LIBRARY (Kitwe) _H1 _I0.00 _M1 _UDAMAGED _WFeb 24, 2012 _ZMain Library Open Access Collection |
||
| 999 |
_c43408 _d43408 |
||